000 01174cam a2200313 4500
001 ABS63055
008 000000n2000 000 0 eng u
035 _a(Sirsi) u108911
100 _aHamson, L.
245 _aReading the rights act
260 _c2000
490 _aProperty Week
_v65(38) 29 September 2000, 72-76(5)
520 _aLooks at the potential effects of the Human Rights Act on the property industry, which has given it a mixed response. Focuses particularly on planning. Suggests the Act is capable of significantly slowing down the planning process, which could mean higher costs for developers. Details the key points of the Act, and the areas of property law that will be affected.
590 _aABS
650 _aHUMAN RIGHTS ACT 1998
650 _aPROPERTY INDUSTRY
650 _aPLANNING APPLICATIONS
650 _aRENT ARREARS
650 _aLANDLORD AND TENANT
_96252
650 _aDISTRESS
650 _aPARTY WALL ETC ACT 1996
650 _aCOMPULSORY PURCHASE POWERS
650 _aFORFEITURE
650 _aPRIVATE NUISANCE
650 _aADVERSE POSSESSION
650 _aRIGHT TO ROAM
690 _aLAW-UK
942 _n0
999 _c65021
_d65021